| 000 | 00340nam a2200133Ia 4500 | ||
|---|---|---|---|
| 008 | 240624s9999 xx 000 0 und d | ||
| 041 | _aeng | ||
| 082 | _a823 BON | ||
| 100 | _aBOND RUSKIN | ||
| 245 | _aSUSANNA S SEVEN HUSBANDS 7 KHOON MAAF | ||
| 260 |
_c2011 _aNew Delhi _bPenguin Books |
||
| 300 | _axi, : 206p. ; 20cm. | ||
| 365 |
_cRS _b25 |
||
| 999 |
_c20016 _d20016 |
||